000 01200naa a22003257a 4500
001 BR9102086
003 BR-BrBNA
005 20240918180659.0
007 ta
008 230509b bl.||||| |||| 00| 0 por d
040 _aBR-BrBNA
_bpor
_cBiblioteca Nacional de Agricultura
041 _a(Pt)
072 _aH20
_b2120
_b4190
090 _aH20 BR9102086
100 1 _aMazzafera, P.
100 1 _aGoncalves, W.
100 1 _aFernandes, J.A.R.
111 1 _a15. Congresso Brasileiro de Pesquisas Cafeeiras
_cMaringa, PR (Brazil)
_d26-29 Sep 1989
245 1 _aFenois, peroxidase e polifenoloxidade na resistencia do cafeeiro a Meloidogyne incognita
260 3 _aRio de Janeiro, RJ (Brasil):
_c1989.
500 _a15. Congresso Brasileiro de Pesquisas Cafeeiras. Trabalhos apresentados Rio de Janeiro, RJ (Brasil): 1989. p. 4-6 (BR9102086-AM)H20
650 _aCAFE
650 _aVARIEDADE
650 _aNEMATOIDE
650 _aPEROXIDASE
650 _aVARIEDADE RESISTENTE
773 0 _t15. Congresso Brasileiro de Pesquisas Cafeeiras. Trabalhos apresentados
_wH20 BR9102086
_gRio de Janeiro, RJ (Brasil), 1989. p. 4-6
909 _a202404
_bLucia
_c55
_dLucia Elande
942 _cAM
_2AGRIS
999 _c321655
_d321655